[Event "Ghent op"]
[Site "Ghent"]
[Date "2005.03.26"]
[Round "4"]
[White "Przewoznik, Margareta"]
[Black "Vanden Bossche, Nicolas"]
[Result "1-0"]
[WhiteElo "1600"]
[BlackElo "1383"]
[PlyCount "71"]
[EventDate "2005.03.26"]
[EventType "swiss"]
[EventRounds "6"]
[EventCountry "BEL"]
[SourceTitle "EXT 2008"]
[Source "ChessBase"]
[SourceDate "2007.11.25"]
[SourceVersion "1"]
[SourceVersionDate "2007.11.25"]
[SourceQuality "1"]

1. e4 c5 2. Nf3 d6 3. Nc3 Nf6 4. Bc4 e6 5. 0-0 Be7 6. Re1 0-0 7. b3 a6 8. a4 Bd7 9. Bb2 Nc6 10. Na2 Qb6 11. c3 Nxe4 12. Bd3 Nxf2 13. Bxh7+ Kxh7 14. Kxf2 c4+ 15. d4 cxb3 16. Nc1 Na5 17. Ra3 d5 18. Ra1 Nc4 19. Nd3 Rac8 20. Nfe5 Nxe5 21. Nxe5 Bc6 22. Re3 f6 23. Qh5+ Kg8 24. Ng6 Kf7 25. Nxf8+ Kxf8 26. Qh8+ Kf7 27. Qxc8 e5 28. dxe5 Bc5 29. e6+ Ke7 30. Rae1 f5 31. Qg8 Bxe3+ 32. Rxe3 f4 33. Qxg7+ Kd6 34. Qe5+ Ke7 35. Ba3+ Kd8 36. Qb8# 1-0